The Singing Chaparral Trail of Bentsen-Rio Grande Valley State Park.

Bibliographic Details
Corporate Author: Texas. Parks Division. Interpretation and Exhibits Branch
Format: Government Document Book
Language:English
Published: Austin, Tex. : Parks Division, Interpretation and Exhibits Branch, Texas Parks and Wildlife Dept., [1988]
Subjects:

MARC

Tag First Indicator Second Indicator Subfields
LEADER 00000cam a2200000 a 4500
001 in00001069486
005 20150929095731.0
008 881101s1988 txuab s00000 eng d
035 |a (OCoLC)18696182 
035 |9 AFN6322AM 
040 |a IKM  |c IKM  |d UtOrBLW 
049 |a IKMD 
086 |a P500 B446sic 1988  |2 txdocs 
099 9 |a P500  |a B446sic  |a 1988 
245 0 4 |a The Singing Chaparral Trail of Bentsen-Rio Grande Valley State Park. 
264 1 |a Austin, Tex. :  |b Parks Division, Interpretation and Exhibits Branch, Texas Parks and Wildlife Dept.,  |c [1988] 
300 |a 12 unnumbered pages :  |b illustrations, 1 map ;  |c 22 cm. 
336 |a text  |b txt  |2 rdacontent 
337 |a unmediated  |b n  |2 rdamedia 
338 |a volume  |b nc  |2 rdacarrier 
500 |a "PWD-BK-4509-058-8/88"--P. [4] of cover. 
651 0 |a Bentsen-Rio Grande Valley State Park (Tex.) 
650 0 |a Nature trails  |z Texas  |z Bentsen-Rio Grande Valley State Park. 
710 1 |a Texas.  |b Parks Division.  |b Interpretation and Exhibits Branch. 
999 |a MARS 
999 f f |s a01c0122-15d8-3f5c-a639-fa2d47511f8a  |i 15e9dd8b-9a4c-36ee-86ee-2473b33644b7  |t 0 
952 f f |p normal  |a Texas A&M University  |b College Station  |c Sterling C. Evans Library  |d Evans: Texas Documents (Annex 5th floor)  |t 0  |e P500 B446sic 1988  |h Superintendent of Documents classification  |i unmediated -- volume  |m A14815837126 
998 f f |a P500 B446sic 1988  |t 0  |l Evans: Texas Documents (Annex 5th floor)